000 00334nam a22001457a 4500
003 OSt
005 20220111154633.0
008 220111b |||||||| |||| 00| 0 eng d
020 _a8123909446
040 _cHU
082 _a363.728
100 _aKhan
_927693
245 _aText Book Of Solid Wastes Management
942 _2ddc
_cBOOKS
_n0
999 _c26615
_d26615